00514nam a2200157Ia 450000500170000000800410001704100080005808200170006610000280008324500410011126000370015230000090018965000230019899900190022195201160024020250729165758.0250729s2017 xx 000 0 und d akan a371.333 YADE aDr.S.B.Yadawada9232783 aShykshanika Adalitha Mattu nirvahane aMysorebVismaya Prakashanac2017 a425p aTechnology9232784 c239954d239954 00104070aALbALd2025-07-29eManagement Bookl0o371.333 YADEpBED05273r2025-07-29 16:57:58w2025-07-29yBK